Introducción a la psicología y direcciones de la psicología en la actualidad

Saved in:
Bibliografiske detaljer
Hovedforfatter: Messer, Augusto (autor)
Format: Bog
Sprog:spansk
Udgivet: Buenos Aires Losada 1946
Udgivelse:3a. ed
Serier:Biblioteca del maestro, 2
Fag:
Tags: Tilføj Tag
Ingen Tags, Vær først til at tagge denne postø!

MARC

LEADER 00000nam a2200000 a 4500
001 UCY5776
003 CL-VaPUC
008 950512e19460000AG |||||||||||||||||spa|d
082 0 4 |a 150  |b MES  |2 21 
100 |a Messer, Augusto  |e autor  |9 542433 
245 1 0 |a Introducción a la psicología y direcciones de la psicología en la actualidad 
250 |a 3a. ed 
300 |a 237 p 
942 |c BK 
945 |d 19950512 00:00:00  |a cmena 
260 |a Buenos Aires  |b Losada  |c 1946 
650 0 |a Psicología   |9 257863 
650 7 |a HOMBRE  |2 CL-VaPUC  |9 262149 
650 0 |a Psicología fisiológica  |9 309849 
650 7 |a DIFERENCIA INDIVIDUAL  |2 CL-VaPUC  |9 334997 
650 0 |a Psicoanálisis   |9 265702 
650 0 |a Psicología social   |9 222894 
650 0 |a Psicología aplicada   |9 270762 
650 7 |a PSICOTECNICA  |2 CL-VaPUC  |9 334998 
650 7 |a PSICOLOGIA GENETICA  |2 CL-VaPUC  |9 308771 
650 0 |a Psicología individual  |9 309049 
650 7 |a PARAPSICOLOGIA  |2 CL-VaPUC  |9 309534 
650 7 |a INVESTIGACION PSICOLOGICA  |2 CL-VaPUC  |9 309030 
650 0 |a Naturaleza humana   |9 308593 
583 |a last modification  |c 19950512 00:00:00  |k Rodrigo Vera 
490 0 |a Biblioteca del maestro, 2 
999 |c 233396  |d 233394 
952 |0 0  |1 0  |4 0  |6 150_000000000000000_MES_1946  |7 0  |8 P  |9 238898  |a BIBEDU  |b BIBEDU  |c BIBEDU_PB  |d 2019-11-18  |i 1502719  |o 150 MES 1946  |p 1502719  |r 2024-01-25  |w 2019-11-18  |y BK  |k EDU 
952 |0 0  |1 0  |4 0  |6 150_000000000000000_MES_1946  |7 0  |8 P  |9 238899  |a BIBEDU  |b BIBEDU  |c BIBEDU_PB  |d 2019-11-18  |i 1502727  |o 150 MES 1946  |p 1502727  |r 2024-01-25  |w 2019-11-18  |y BK  |k EDU 
952 |0 0  |1 0  |4 0  |6 150_000000000000000_MES_1946  |7 0  |8 P  |9 238900  |a BIBEDU  |b BIBEDU  |c BIBEDU_PB  |d 2019-11-18  |i 1504614  |o 150 MES 1946  |p 1504614  |r 2024-01-25  |w 2019-11-18  |y BK  |k EDU